000 00701nam a2200229 a 4500
001 BRCA_5348
005 20190320205036.0
008 061210s1995----gw-a######---#000-0#eng-#
020 _a1850297185
041 _aeng
044 _agw
050 4 _aN5208.5
_b.S68 1995
245 1 0 _aSotheby´s
_bArt at Auction : The Art Market Review 1994-95.
260 _aAlemania
_bConran Octopus
_c1995
300 _a312 p.
_bil. (algunas color)
_c28 cm.
500 _aIncluye índice alfabético
500 _aDonación Dr. Héctor Rivero Borrell Vázquez
650 1 4 _aArte
_xColeccionistas y colecciones
_97445
650 1 4 _aSubastas
_xColeccionistas y colecciones
_910730
902 _aDHR
942 _2lcc
_cB
999 _c5042
_d5042